Poemas

Saved in:
Bibliografiske detaljer
Hovedforfatter: Milosz, Lubisz (autor)
Format: Bog
Sprog:spansk
Udgivet: Santiago Nascimento 1953
Fag:
Tags: Tilføj Tag
Ingen Tags, Vær først til at tagge denne postø!

MARC

LEADER 00000nam a2200000 a 4500
001 UCQ6909
003 CL-VaPUC
008 981023e19530000CL |||||||||||||||||spa|d
082 0 4 |a 891.9201  |b MIL  |2 21 
100 |a Milosz, Lubisz  |e autor  |9 420833 
245 1 0 |a Poemas 
300 |a 204 p 
942 |c BK 
945 |d 19981023 00:00:00  |a crobeson 
260 |a Santiago  |b Nascimento  |c 1953 
650 7 |a POESIAS LITUANAS  |2 CL-VaPUC  |9 420834 
650 7 |a LITERATURA LITUANA  |2 CL-VaPUC  |9 420835 
583 |a last modification  |c 19981023 00:00:00  |k Rodrigo Vera 
999 |c 276806  |d 276804 
952 |0 0  |1 0  |4 0  |6 891_920100000000000_MIL_1953  |7 0  |8 A  |9 314286  |a BIBEDU  |b BIBEDU  |d 2019-11-20  |i 1486217  |o 891.9201 MIL 1953  |p 1486217  |r 2019-11-20  |w 2019-11-20  |y BK  |k LIT